000 00639nam a2200181Ia 4500
008 090124s9999 xx 000 0 und d
082 _b20167
100 _aसुर्वे नाराय़ण
245 _a ऐसा गा मी ब्रम्ह !
250 _a1
260 _b"पॉप्युलर प्रकाशन ,बाँम्बे"
_c1981
300 _a75
600 _aसुर्वे नाराय़ण
630 _a ऐसा गा मी ब्रम्ह !
700 _aसुर्वे नाराय़ण
730 _a ऐसा गा मी ब्रम्ह !
942 _cBOOK
999 _c90258
_d90258